<?xml version="1.0" encoding="UTF-8"?>
<record
    xmlns:xsi="http://www.w3.org/2001/XMLSchema-instance"
    xsi:schemaLocation="http://www.loc.gov/MARC21/slim http://www.loc.gov/standards/marcxml/schema/MARC21slim.xsd"
    xmlns="http://www.loc.gov/MARC21/slim">

  <leader>04535namaa22004211i 4500</leader>
  <controlfield tag="003">OSt</controlfield>
  <controlfield tag="005">20251210114746.0</controlfield>
  <controlfield tag="008">250827s2024    ua a|||frm||| 000 0 eng d</controlfield>
  <datafield tag="040" ind1=" " ind2=" ">
    <subfield code="a">EG-GICUC</subfield>
    <subfield code="b">ara</subfield>
    <subfield code="c">EG-GICUC</subfield>
    <subfield code="d">EG-GICUC</subfield>
    <subfield code="e">rda</subfield>
  </datafield>
  <datafield tag="041" ind1="0" ind2=" ">
    <subfield code="a">ara</subfield>
    <subfield code="b">ara</subfield>
    <subfield code="b">eng</subfield>
  </datafield>
  <datafield tag="049" ind1=" " ind2=" ">
    <subfield code="a">&#x625;&#x64A;&#x62F;&#x627;&#x639;</subfield>
  </datafield>
  <datafield tag="082" ind1="0" ind2="4">
    <subfield code="a">190</subfield>
  </datafield>
  <datafield tag="092" ind1=" " ind2=" ">
    <subfield code="a">190</subfield>
    <subfield code="2">21</subfield>
  </datafield>
  <datafield tag="097" ind1=" " ind2=" ">
    <subfield code="a">&#x62F;&#x643;&#x62A;&#x648;&#x631;&#x627;&#x647;&#x200E;</subfield>
  </datafield>
  <datafield tag="099" ind1=" " ind2=" ">
    <subfield code="a">Cai01.02.05.Ph.D.2024.&#x625;&#x64A;.&#x62A;</subfield>
  </datafield>
  <datafield tag="100" ind1="0" ind2=" ">
    <subfield code="a">&#x60C;&#x625;&#x64A;&#x645;&#x627;&#x646; &#x637;&#x627;&#x631;&#x642; &#x645;&#x62D;&#x645;&#x648;&#x62F; &#x631;&#x634;&#x62F;&#x64A;</subfield>
    <subfield code="e">&#x625;&#x639;&#x62F;&#x627;&#x62F;.</subfield>
  </datafield>
  <datafield tag="245" ind1="1" ind2="0">
    <subfield code="a">&#x62A;&#x645;&#x62B;&#x644;&#x627;&#x62A; &#x627;&#x644;&#x625;&#x633;&#x644;&#x627;&#x645; &#x641;&#x64A; &#x641;&#x644;&#x633;&#x641;&#x629; &#x647;&#x64A;&#x62C;&#x644; /</subfield>
    <subfield code="c">&#x625;&#x639;&#x62F;&#x627;&#x62F; &#x625;&#x64A;&#x645;&#x627;&#x646; &#x637;&#x627;&#x631;&#x642; &#x645;&#x62D;&#x645;&#x648;&#x62F; &#x631;&#x634;&#x62F;&#x64A;&#x61B; &#x625;&#x634;&#x631;&#x627;&#x641; &#x623;.&#x62F; &#x635;&#x644;&#x627;&#x62D; &#x627;&#x644;&#x62F;&#x64A;&#x646; &#x628;&#x633;&#x64A;&#x648;&#x646;&#x64A; &#x631;&#x633;&#x644;&#x627;&#x646;&#x60C; &#x62F;. &#x623;&#x64A;&#x645;&#x646; &#x623;&#x62D;&#x645;&#x62F; &#x645;&#x62D;&#x645;&#x62F;.</subfield>
  </datafield>
  <datafield tag="246" ind1="1" ind2="5">
    <subfield code="a">Manifestations of islam in hegel's philosophy /</subfield>
  </datafield>
  <datafield tag="264" ind1=" " ind2="0">
    <subfield code="c">2024.</subfield>
  </datafield>
  <datafield tag="300" ind1=" " ind2=" ">
    <subfield code="a">187 &#x635;&#x641;&#x62D;&#x629; :</subfield>
    <subfield code="b">&#x625;&#x64A;&#x636;&#x627;&#x62D;&#x64A;&#x627;&#x62A; &#x61B; </subfield>
    <subfield code="c">25 cm. + </subfield>
    <subfield code="e">CD.</subfield>
  </datafield>
  <datafield tag="336" ind1=" " ind2=" ">
    <subfield code="a">text</subfield>
    <subfield code="2">rda content</subfield>
  </datafield>
  <datafield tag="337" ind1=" " ind2=" ">
    <subfield code="a">Unmediated</subfield>
    <subfield code="2">rdamedia</subfield>
  </datafield>
  <datafield tag="338" ind1=" " ind2=" ">
    <subfield code="a">volume</subfield>
    <subfield code="2">rdacarrier</subfield>
  </datafield>
  <datafield tag="502" ind1=" " ind2=" ">
    <subfield code="a">&#x623;&#x637;&#x631;&#x648;&#x62D;&#x629; (&#x62F;&#x643;&#x62A;&#x648;&#x631;&#x627;&#x647;)-&#x62C;&#x627;&#x645;&#x639;&#x629; &#x627;&#x644;&#x642;&#x627;&#x647;&#x631;&#x629;&#x60C; 2024. </subfield>
  </datafield>
  <datafield tag="504" ind1=" " ind2=" ">
    <subfield code="a">&#x628;&#x628;&#x644;&#x64A;&#x648;&#x62C;&#x631;&#x627;&#x641;&#x64A;&#x627;: &#x635;&#x641;&#x62D;&#x627;&#x62A; 174-183.</subfield>
  </datafield>
  <datafield tag="520" ind1=" " ind2=" ">
    <subfield code="a">&#x62A;&#x646;&#x628;&#x639; &#x627;&#x644;&#x623;&#x647;&#x645;&#x64A;&#x629; &#x627;&#x644;&#x643;&#x628;&#x631;&#x649; &#x644;&#x62F;&#x631;&#x627;&#x633;&#x629; &#x631;&#x624;&#x64A;&#x629; &#x647;&#x64A;&#x62C;&#x644; &#x62D;&#x648;&#x644; &#x627;&#x644;&#x625;&#x633;&#x644;&#x627;&#x645; &#x645;&#x646; &#x643;&#x648;&#x646;&#x647;&#x627; &#x631;&#x624;&#x64A;&#x629; &#x62A;&#x645;&#x62A;&#x644;&#x643; &#x646;&#x641;&#x648;&#x630;&#x64B;&#x627; &#x645;&#x62A;&#x632;&#x627;&#x64A;&#x62F;&#x64B;&#x627; &#x641;&#x64A; &#x639;&#x642;&#x644;&#x646;&#x629; &#x633;&#x64A;&#x627;&#x62F;&#x629; &#x627;&#x644;&#x63A;&#x631;&#x628; &#x639;&#x644;&#x649; &#x627;&#x644;&#x639;&#x627;&#x644;&#x645;. &#x641;&#x644;&#x645; &#x64A;&#x646;&#x638;&#x631; &#x644;&#x644;&#x62F;&#x64A;&#x646; &#x627;&#x644;&#x625;&#x633;&#x644;&#x627;&#x645;&#x64A; &#x628;&#x648;&#x635;&#x641;&#x647; &#x62E;&#x627;&#x62A;&#x645; &#x627;&#x644;&#x623;&#x62F;&#x64A;&#x627;&#x646;. &#x644;&#x630;&#x627; &#x641;&#x635;&#x648;&#x631;&#x629; &#x627;&#x644;&#x625;&#x633;&#x644;&#x627;&#x645; &#x62A;&#x628;&#x62F;&#x648; &#x625;&#x634;&#x643;&#x627;&#x644;&#x64B;&#x627; &#x62D;&#x642;&#x64A;&#x642;&#x64A;&#x64B;&#x627; &#x62F;&#x627;&#x62E;&#x644; &#x641;&#x644;&#x633;&#x641;&#x629; &#x647;&#x64A;&#x62C;&#x644;. &#x623;&#x646; &#x635;&#x648;&#x631;&#x629; &#x627;&#x644;&#x639;&#x631;&#x628; &#x648;&#x627;&#x644;&#x625;&#x633;&#x644;&#x627;&#x645; &#x639;&#x646;&#x62F; &#x647;&#x64A;&#x62C;&#x644; &#x641;&#x64A; &#x62D;&#x627;&#x62C;&#x629; &#x625;&#x644;&#x649; &#x642;&#x631;&#x627;&#x621;&#x629; &#x62C;&#x62F;&#x64A;&#x62F;&#x629; &#x644;&#x62A;&#x648;&#x636;&#x64A;&#x62D; &#x645;&#x643;&#x627;&#x646;&#x629; &#x627;&#x644;&#x625;&#x633;&#x644;&#x627;&#x645; &#x641;&#x64A; &#x630;&#x644;&#x643; &#x627;&#x644;&#x62A;&#x635;&#x648;&#x631; &#x627;&#x644;&#x63A;&#x631;&#x628;&#x64A;&#x60C; &#x628;&#x648;&#x635;&#x641;&#x647; &#x623;&#x62D;&#x62F; &#x623;&#x647;&#x645; &#x639;&#x648;&#x627;&#x645;&#x644; &#x627;&#x644;&#x62A;&#x623;&#x62B;&#x64A;&#x631; &#x639;&#x644;&#x649; &#x627;&#x644;&#x62A;&#x635;&#x648;&#x631;&#x627;&#x62A; &#x627;&#x644;&#x63A;&#x631;&#x628;&#x64A;&#x629; &#x627;&#x644;&#x623;&#x648;&#x631;&#x648;&#x628;&#x64A;&#x629; &#x648;&#x646;&#x638;&#x631;&#x62A;&#x647;&#x627; &#x627;&#x644;&#x62A;&#x64A; &#x62A;&#x646;&#x637;&#x648;&#x649; &#x639;&#x644;&#x649; &#x627;&#x644;&#x639;&#x646;&#x635;&#x631;&#x64A;&#x629;&#x60C; &#x648;&#x627;&#x644;&#x633;&#x64A;&#x627;&#x62F;&#x629;&#x60C; &#x648;&#x627;&#x644;&#x62A;&#x639;&#x627;&#x644;&#x649; &#x639;&#x644;&#x649; &#x627;&#x644;&#x639;&#x627;&#x644;&#x645; &#x627;&#x644;&#x639;&#x631;&#x628;&#x64A; &#x648;&#x627;&#x644;&#x625;&#x633;&#x644;&#x627;&#x645;&#x64A;. &#x644;&#x630;&#x644;&#x643; &#x62A;&#x647;&#x62F;&#x641; &#x647;&#x630;&#x647; &#x627;&#x644;&#x62F;&#x631;&#x627;&#x633;&#x629; &#x625;&#x644;&#x649; &#x62A;&#x62D;&#x644;&#x64A;&#x644; &#x648;&#x646;&#x642;&#x62F; &#x627;&#x644;&#x645;&#x646;&#x638;&#x648;&#x631; &#x627;&#x644;&#x647;&#x64A;&#x62C;&#x644;&#x64A; &#x62D;&#x648;&#x644; &#x627;&#x644;&#x625;&#x633;&#x644;&#x627;&#x645;&#x60C; &#x645;&#x646; &#x62E;&#x644;&#x627;&#x644; &#x642;&#x631;&#x627;&#x621;&#x629; &#x645;&#x648;&#x642;&#x641; &#x647;&#x64A;&#x62C;&#x644; &#x62A;&#x62C;&#x627;&#x647; &#x627;&#x644;&#x625;&#x633;&#x644;&#x627;&#x645; &#x645;&#x646; &#x631;&#x624;&#x649; &#x645;&#x62A;&#x639;&#x62F;&#x62F;&#x629;&#x60C; &#x623;&#x64A; &#x627;&#x644;&#x625;&#x633;&#x644;&#x627;&#x645; &#x643;&#x62F;&#x64A;&#x646;&#x60C; &#x648;&#x62A;&#x627;&#x631;&#x64A;&#x62E;&#x60C; &#x648;&#x641;&#x644;&#x633;&#x641;&#x629;&#x60C; &#x648;&#x641;&#x646; &#x628;&#x648;&#x635;&#x641;&#x647;&#x627; &#x627;&#x644;&#x645;&#x638;&#x627;&#x647;&#x631; &#x627;&#x644;&#x62A;&#x64A; &#x64A;&#x62A;&#x62C;&#x644;&#x649; &#x641;&#x64A;&#x647;&#x627; &#x627;&#x644;&#x631;&#x648;&#x62D; &#x627;&#x644;&#x645;&#x637;&#x644;&#x642; &#x645;&#x646; &#x623;&#x62C;&#x644; &#x648;&#x639;&#x64A; &#x630;&#x627;&#x62A;&#x647;. &#x648;&#x641;&#x64A; &#x62F;&#x631;&#x627;&#x633;&#x62A;&#x646;&#x627; &#x633;&#x646;&#x62D;&#x627;&#x648;&#x644; &#x62A;&#x642;&#x62F;&#x64A;&#x645; &#x642;&#x631;&#x627;&#x621;&#x629; &#x62C;&#x62F;&#x64A;&#x62F;&#x629; &#x645;&#x646; &#x62E;&#x644;&#x627;&#x644; &#x642;&#x631;&#x627;&#x621;&#x629; &#x645;&#x62E;&#x62A;&#x644;&#x641; &#x627;&#x644;&#x623;&#x639;&#x645;&#x627;&#x644; &#x627;&#x644;&#x647;&#x64A;&#x62C;&#x644;&#x64A;&#x629; &#x644;&#x646;&#x639;&#x631;&#x641; &#x647;&#x644; &#x645;&#x648;&#x642;&#x641; &#x647;&#x64A;&#x62C;&#x644; &#x639;&#x646; &#x627;&#x644;&#x625;&#x633;&#x644;&#x627;&#x645; &#x645;&#x648;&#x642;&#x641;&#x627; &#x633;&#x644;&#x628;&#x64A;&#x627; &#x62A;&#x645;&#x627;&#x645;&#x64B;&#x627; &#x623;&#x645; &#x645;&#x648;&#x642;&#x641;&#x64B;&#x627; &#x625;&#x64A;&#x62C;&#x627;&#x628;&#x64A;&#x64B;&#x627; &#x644;&#x630;&#x627; &#x633;&#x62A;&#x62D;&#x627;&#x648;&#x644; &#x627;&#x644;&#x62F;&#x631;&#x627;&#x633;&#x629; &#x627;&#x644;&#x648;&#x642;&#x648;&#x641; &#x639;&#x644;&#x649; &#x62A;&#x623;&#x648;&#x64A;&#x644; &#x645;&#x62A;&#x633;&#x642; &#x62F;&#x627;&#x62E;&#x644;&#x64A;&#x64E;&#x651;&#x627; &#x644;&#x631;&#x624;&#x64A;&#x629; &#x647;&#x64A;&#x62C;&#x644; &#x639;&#x646; &#x627;&#x644;&#x625;&#x633;&#x644;&#x627;&#x645;.</subfield>
  </datafield>
  <datafield tag="520" ind1=" " ind2=" ">
    <subfield code="a">The importance of the views of Hegel on Islam stems from the fact that it had considerable influence in rationalizing the West&#x2019;s dominance over the world,  He didn&#x2019;t see Islam as the last of religions. So the vision of Islam appears to be real problematic within Hegel's system. As Hegel&#x2019;s point of view of Arabs and Islam needs a new reading to clarify the place of Islam in western perception, and its racist, Eurocentric and Islamophobic views of Arabs and the Islamic world. Therefore, this study aims to analyze and criticize Hegel perspective about Islam, through a reading of Hegel's attitude towards Islam from multiple perspectives, i.e. Islam as religion, history, philosophy, and as art as through those three manifestations of the absolute spirit, man realizes the absolute. So that in our study, we will try to represent a new reading of Hegel's view about Islam, by reading his works to know whether Hegel's views on Islam are completely negative or has some positive component? So this study will attempt to find a consistent interpretation of Hegel's view of Islam.</subfield>
  </datafield>
  <datafield tag="530" ind1=" " ind2=" ">
    <subfield code="a">&#x635;&#x62F;&#x631; &#x623;&#x64A;&#x636;&#x64B;&#x627; &#x643;&#x642;&#x631;&#x635; &#x645;&#x62F;&#x645;&#x62C;.</subfield>
  </datafield>
  <datafield tag="546" ind1=" " ind2=" ">
    <subfield code="a">&#x627;&#x644;&#x646;&#x635; &#x628;&#x627;&#x644;&#x639;&#x631;&#x628;&#x64A;&#x629; &#x648;&#x627;&#x644;&#x645;&#x644;&#x62E;&#x635; &#x628;&#x627;&#x644;&#x644;&#x63A;&#x629; &#x627;&#x644;&#x625;&#x646;&#x62C;&#x644;&#x64A;&#x632;&#x64A;&#x629; &#x648;&#x627;&#x644;&#x639;&#x631;&#x628;&#x64A;&#x629;.</subfield>
  </datafield>
  <datafield tag="650" ind1=" " ind2="7">
    <subfield code="a">&#x627;&#x644;&#x641;&#x644;&#x633;&#x641;&#x629; &#x627;&#x644;&#x63A;&#x631;&#x628;&#x64A;&#x629;</subfield>
    <subfield code="2">qrmak</subfield>
  </datafield>
  <datafield tag="653" ind1=" " ind2="0">
    <subfield code="a">&#x647;&#x64A;&#x62C;&#x644;</subfield>
    <subfield code="a">&#x627;&#x644;&#x625;&#x633;&#x644;&#x627;&#x645;</subfield>
    <subfield code="a">&#x627;&#x644;&#x645;&#x62D;&#x645;&#x62F;&#x64A;&#x629;</subfield>
  </datafield>
  <datafield tag="700" ind1="0" ind2=" ">
    <subfield code="a">&#x635;&#x644;&#x627;&#x62D; &#x627;&#x644;&#x62F;&#x64A;&#x646; &#x628;&#x633;&#x64A;&#x648;&#x646;&#x64A; &#x631;&#x633;&#x644;&#x627;&#x646;</subfield>
    <subfield code="e">&#x645;&#x634;&#x631;&#x641; &#x623;&#x637;&#x631;&#x648;&#x62D;&#x629;.</subfield>
  </datafield>
  <datafield tag="700" ind1="0" ind2=" ">
    <subfield code="a">&#x623;&#x64A;&#x645;&#x646; &#x623;&#x62D;&#x645;&#x62F; &#x645;&#x62D;&#x645;&#x62F;</subfield>
    <subfield code="e">&#x645;&#x634;&#x631;&#x641; &#x623;&#x637;&#x631;&#x648;&#x62D;&#x629;.</subfield>
  </datafield>
  <datafield tag="900" ind1=" " ind2=" ">
    <subfield code="b">01-01-2024</subfield>
    <subfield code="c">&#x635;&#x644;&#x627;&#x62D; &#x627;&#x644;&#x62F;&#x64A;&#x646; &#x628;&#x633;&#x64A;&#x648;&#x646;&#x64A; &#x631;&#x633;&#x644;&#x627;&#x646;</subfield>
    <subfield code="c">&#x623;&#x64A;&#x645;&#x646; &#x623;&#x62D;&#x645;&#x62F; &#x645;&#x62D;&#x645;&#x62F;</subfield>
    <subfield code="U">&#x62C;&#x627;&#x645;&#x639;&#x629; &#x627;&#x644;&#x642;&#x627;&#x647;&#x631;&#x629; </subfield>
    <subfield code="F">&#x643;&#x644;&#x64A;&#x629; &#x627;&#x644;&#x622;&#x62F;&#x627;&#x628;</subfield>
    <subfield code="D">&#x642;&#x633;&#x645; &#x627;&#x644;&#x641;&#x644;&#x633;&#x641;&#x629;</subfield>
  </datafield>
  <datafield tag="905" ind1=" " ind2=" ">
    <subfield code="a">Sara</subfield>
    <subfield code="e">Afaf</subfield>
  </datafield>
  <datafield tag="942" ind1=" " ind2=" ">
    <subfield code="2">ddc</subfield>
    <subfield code="c">TH</subfield>
    <subfield code="e">21</subfield>
    <subfield code="n">0</subfield>
  </datafield>
  <datafield tag="999" ind1=" " ind2=" ">
    <subfield code="c">176574</subfield>
  </datafield>
  <datafield tag="952" ind1=" " ind2=" ">
    <subfield code="2">ddc</subfield>
    <subfield code="9">312098</subfield>
    <subfield code="a">CUCL</subfield>
    <subfield code="b">cl210</subfield>
    <subfield code="d">2025-12-08</subfield>
    <subfield code="i">32047</subfield>
    <subfield code="o">Cai01.02.05.Ph.D.2024.&#x625;&#x64A;.&#x62A;</subfield>
    <subfield code="p">01010100032047000</subfield>
    <subfield code="r">2025-12-08 10:56:00</subfield>
    <subfield code="w">2025-12-08</subfield>
    <subfield code="y">TH</subfield>
  </datafield>
</record>
